Tyler The Creator song by the feature - Statistics

General Stats
  • This quiz has been taken 9 times
  • The average score is 30 of 70
Answer Stats
Album Answer Feat % Correct
Goblin She Frank Ocean
100%
Cherry Bomb DEATHCAMP Cole Alexander
75%
Wolf IFHY Pharrell Williams
75%
Wolf Jamba Hodgy
75%
Cherry Bomb RUN Chaz Bundick, ScHoolboy Q
75%
Flower Boy See You Again Kali Uchis
75%
Wolf Treehome95 Coco O, Erykan Badu
75%
Flower Boy 911/ Mr.Lonely Frank Ocean, Steve Lacy
63%
Cherry Bomb BUFFALO Shane Powers
63%
IGOR EARFQUAKE Playboi Carti, Charlie Wilson
63%
Flower Boy Pothole Jaden Smith, Brettin, Alexander
63%
Wolf Rusty Domo Genesis, Earl Sweatshirt
63%
Wolf Slater Frank Ocean
63%
Cherry Bomb SMUCKERS Lil Wayne, Kanye West
63%
Wolf Trashwang Na-Kel Smith, Jasper Dolphin, Lucas, L-Boy, Taco, Left Brain, Lee
63%
Flower Boy Where This Flower Blooms Frank Ocean
63%
Flower Boy Who Dat Boy A$AP ROCKY
63%
Cherry Bomb 2SEATER Aaron Shaw, Samantha Nelson, Austin Feinstein
50%
CHROMAKOPIA Balloon Doechii
50%
Flower Boy Boredom Rex Orange County, Anna Of The North
50%
CHROMAKOPIA Darling I Teezo Touchdown
50%
DON'T TAP THE GLASS Don't You Worry Baby Madison McFerrin
50%
Flower Boy Droppin' Seeds Lil' Wayne
50%
Flower Boy Garden Shed Estelle
50%
IGOR GONE, GONE/ THANK YOU CeeLo Green, Jerrod Carmichael
50%
DON'T TAP THE GLASS I'll Take Care Of You Yebba
50%
IGOR I THINK Solange
50%
CHROMAKOPIA Like Him Lola Young
50%
Singles Potato Salad AŞAP ROCKY
50%
CALL ME IF YOU GET LOST RISE! DAISY WORLD
50%
CALL ME IF YOU GET LOST RUNITUP Teezo Touchdown
50%
CHROMAKOPIA St. Chroma Daniel Caesar
50%
CHROMAKOPIA Sticky GloRilla, Sexxyy red, Lil Wayne
50%
CALL ME IF YOU GET LOST SWEET/I THOUGHT YOU WANTED TO DANCE Brent Faiyaz, Fana Hues
50%
CHROMAKOPIA Thought I Was Dead ScHoolboy Q, Santigold
50%
CALL ME IF YOU GET LOST: The Estate Sale WHARF TALK A$AP ROCKY
50%
IGOR ARE WE STILL FRIENDS? Al Green, Pharrell Williams
38%
DON'T TAP THE GLASS Big Poe Sk8brd
38%
Singles Cash In Cash Out Pharrell Williams, 21 Savage,
38%
Cherry Bomb FIND YOUR WINGS Roy Ayers, Syd, Kali Uchis
38%
Flower Boy Foreword Rex Orange County
38%
CALL ME IF YOU GET LOST HOT WIND BLOWS Lil Wayne
38%
CALL ME IF YOU GET LOST LEMONHEAD 42 Dugg
38%
IGOR NEW MAGIC WAND Jerrod Carmichael, Jessy Wilson, Santigold
38%
Wolf Parking Lot Casey Veggies, Mike G
38%
Wolf PartylsntOver / Bimmer Frank Ocean, Laetitia Sadier
38%
IGOR PUPPET Kanye West, Jerrod Carmichael
38%
CHROMAKOPIA Take Your Mask Off Daniel Caesar, LaToiya Williams
38%
IGOR WHAT'S GOOD Slowthai, Jerrod Carmichael
38%
Goblin Window Domo Genesis, Frank Ocean, Hodgym Mike G
38%
CALL ME IF YOU GET LOST WUSYANAME Youngboy Never Broke Again & Ty Dolla $ign
38%
Goblin Analog Hodgy
25%
Cherry Bomb BLOW MY LOAD Wanya Morris, Dâm-Funk, Austin Feinstein, Syd
25%
Goblin B.S.D Jasper Dolphin, Taco
25%
Goblin Burger Hodgy
25%
Music Inspired by Illumination & Dr. Seuss' The Grinch Hot Chocolate Jerry Paper
25%
Cherry Bomb KEEP DA O'S Pharrell Williams, Coco O
25%
CALL ME IF YOU GET LOST MANIFESTO Domo Genesis
25%
Goblin Sandwitches Hodgy
25%
CALL ME IF YOU GET LOST: The Estate Sale STUNTMAN Vince Staples
25%
CALL ME IF YOU GET LOST: The Estate Sale BOYFRIEND, GIRLFRIEND YG
13%
Flower Boy IGOR'S THEME Lil Uzi Vert, Solange
13%
Music Inspired by Illumination & Dr. Seuss' The Grinch Lights On Ryan Beatty, Santigold
13%
Cherry Bomb PIOLET Sydney Bennett
13%
IGOR SIR BAUDELAIRE DJ Drama
13%
Cherry Bomb THE BROWN STAINS OF DARKEESE LATIFAH PART 6-12 ScHoolboy Q
13%
Music Inspired by Illumination & Dr. Seuss' The Grinch When Gloves Come Off Ryan Beatty
13%
Singles Automatic Driver La Roux
0%
CALL ME IF YOU GET LOST JUGGERNUT Pharrell Williams, Lil Uzi Vert
0%
Cherry Bomb OKANGA, СА Alice Smith, Leon Ware, Clem Creevy
0%
No matching quizzes found
Score Distribution
Percent of People with Each Score
Percentile by Number Answered
Your Score History
You have not taken this quiz